Turismo de larga distancia y desarrollo regional en Costa Rica: estudios sobre las relaciones económicas-ecológicas entre turismo y desarrollo sostenible en los ámbitos globales, nacionales y micro-regionales /

Furkejuvvon:
Bibliográfalaš dieđut
Váldodahkki: Fürst, Edgar
Eará dahkkit: ed Hein, Wolfgang Hein ed
Materiálatiipa: Texto
Almmustuhtton: San José: DEI
Fáttát:
Fáddágilkorat: Lasit fáddágilkoriid
Eai fáddágilkorat, Lasit vuosttaš fáddágilkora!

MARC

LEADER 00000 a a2200000 04500
001 31163
003
040
020 |a 9977-83-138-6  
090 |a 196305  
100 |a Fürst, Edgar  
245 |a Turismo de larga distancia y desarrollo regional en Costa Rica: estudios sobre las relaciones económicas-ecológicas entre turismo y desarrollo sostenible en los ámbitos globales, nacionales y micro-regionales /  |c Edgar Fürst 
260 |a San José:   |b DEI  
300 |a 587 p.  
500 |a Informe final  
650 |a TURISMO  
650 |a ZONAS TURISTICAS  
650 |a INFRAESTRUCTURA DEL TURISMO  
650 |a CONDICIONES ECONOMICAS  
650 |a ENCUESTAS  
650 |a DISTRIBUCION DE LA POBLACION  
700 |a ed   |a Hein, Wolfgang Hein   |a ed  
999 |c 7371  |d 7371